Návrh a simulácia Hierarchickej Petriho siete
Salvato in:
| Autore principale: | |
|---|---|
| Altri autori: | |
| Natura: | Manoscritto Libro |
| Lingua: | slovacco |
| Pubblicazione: |
Bratislava :
STU v Bratislave FIIT,
2011
|
| Soggetti: | |
| Accesso online: | VAIS |
| Tags: |
Nessun Tag, puoi essere il primo ad aggiungerne!!
|
MARC
| LEADER | 00000ntm a22000003a 4500 | ||
|---|---|---|---|
| 001 | stu245854 | ||
| 005 | 20150617230159.6 | ||
| 008 | 120420s2011----xo------------------slo-d | ||
| 040 | |a STU |b slo | ||
| 041 | 0 | |a slo | |
| 044 | |a xo | ||
| 100 | 1 | |a Zeleňanský, Ondrej, |d 1988- |4 aut |u I100 |U FIIT Fakulta informatiky a informačných technológií |T FIIT Ústav počítačových systémov a sietí |X 56349 |U I100 |Y 178 |7 A000056349 | |
| 242 | 0 | 0 | |a Design and Simulation of Hierarchical Petri Nets |y eng |
| 245 | 1 | |a Návrh a simulácia Hierarchickej Petriho siete | |
| 260 | |a Bratislava : |b STU v Bratislave FIIT, |c 2011 | ||
| 650 | 7 | |a počítačové a komunikačné systémy a siete |2 stusub | |
| 650 | 7 | |a Computer and Communication Systems and Networks |2 estusub | |
| 650 | 7 | |a Petriho siete |2 stusub | |
| 700 | 1 | |a Jurikovič, Matej, |d 1986- |4 xxx |u I100 |U FIIT Fakulta informatiky a informačných technológií |T FIIT Ústav počítačových systémov a sietí |X 21950 |U I100 |Y 178 |7 A000021950 | |
| 856 | 4 | |a info a plný text |u http://is.stuba.sk/zp/portal_zp.pl?podrobnosti=74671 |3 VAIS | |
| 996 | |b IBAP136/11 |c I*BAP136/11 |l II680 |s P |a 0 |w stu245854_0001 | ||